000 00610nam a2200229Ia 4500
003 OSt
005 20220918203035.0
006 a|||||r|||| 00| 0
007 ta
008 220917b |||||||| |||| 00| 0 eng d
024 _a105,635
037 _cTextual
040 _aARTS
_cARTS
_beng
041 _2eng
_aeng
082 _aV3:19:N1, G1;1
100 _aPribram A F
_9106496
245 0 _aEngland and the international policy of the European great powers 1871-1914
260 _c1931
650 _aHISTORY
942 _hV3:19:N1, G1;1
_cTEXL
_2CC
999 _c228994
_d228994